| 000 | 01262nam a2200217 u 4500 | ||
|---|---|---|---|
| 001 | 000819384 | ||
| 003 | AM-YeHGA | ||
| 005 | 20250617144541.0 | ||
| 008 | 110624s1975 ||||||||||||||||||||rus d | ||
| 040 | _aAM-YeHGA | ||
| 041 | 0 | _arus | |
| 100 | 1 | _aАндрюкин, А.А. | |
| 245 | 1 | 0 |
_aГипертоническая болезнь : _bЭтиология, патогенез, клиника, диагностика и лечение; Учебное пособие для студентов IV-VI курсов / _cА.А.Андрюкин, И.В. Шиян; МЗ СССР, I Московский мед. ин-т им. И.М. Сеченова, Кафедра факультетской терапии второго лечебного факультета . |
| 260 |
_aМосква : _bБ. и., _c1975. |
||
| 300 | _a100 с. | ||
| 650 | 1 | 4 |
_aГипертоническая болезнь _vУчебники |
| 700 | 1 | _aШиян, И.В. | |
| 710 | 2 | _aМинистерство здравоохранения СССР | |
| 710 | 2 |
_aI Московский медицинский институт им. И.М. Сеченова . _bКафедра факультетской терапии второго лечебного факультета |
|
| 090 | _c297833 | ||
| 999 |
_c296143 _d296143 |
||